Učitavanje...

Bharata samgraham

Bibliografski detalji
Glavni autor: Dayananda Tirtha, Swami
Format: Printed Book
Jezik:Malayalam
Izdano: Kottayam: Sahitya Pravarthaka Co-operative Society 1987
LEADER 00612nam a22001817a 4500
003 OSt
005 20200624134622.0
008 160323b xxu||||| |||| 00| 0 mal d
041 |a mal 
082 |a 294.5923 DAY/B 
100 |a Dayananda Tirtha, Swami 
245 |a Bharata samgraham  |c Swami Dayananda Tirtha 
260 |a Kottayam:  |b Sahitya Pravarthaka Co-operative Society  |c 1987 
300 |a 476p. 
546 |a In Malayalam 
942 |2 ddc  |c BK 
999 |c 327864  |d 327864 
952 |0 0  |1 0  |2 ddc  |4 0  |6 294_592300000000000_DAY_B  |7 0  |9 374441  |a CSC  |b CSC  |c ST1  |d 2016-03-23  |i 6514  |l 0  |o 294.5923 DAY/B  |p CSC6514  |r 2016-03-23  |w 2016-03-23  |y BK